| 000 | 01404 am a2200373ua 4500 | ||
|---|---|---|---|
| 001 | 011934940 | ||
| 003 | EG-ScBUE | ||
| 005 | 20220404122145.0 | ||
| 008 | 010423s2000 enk f 000 1deng d | ||
| 020 | _a0141183845 (pbk.) | ||
| 020 | _a9780141183848 | ||
| 040 |
_aStDuBDS _beng _erda _dUk _dEG-ScBUE _cEG-ScBUE |
||
| 041 | 1 |
_aeng _hspa |
|
| 082 | 0 | 0 |
_a863.62 _222 _bBOR |
| 100 | 1 |
_aBorges, Jorge Luis, _d1899-1986, _eauthor. |
|
| 240 | 1 | 0 |
_aFicciones. _lEnglish |
| 245 | 1 | 0 |
_aFictions / _cJorge Luis Borges ; translated with an afterword by Andrew Hurley. |
| 264 | 1 |
_aLondon : _bPenguin Books, _c2000. |
|
| 300 |
_a178 pages ; _c20 cm. |
||
| 336 |
_2rdacontent _atext _btxt |
||
| 337 |
_2rdamedia _aunmediated _bn |
||
| 338 |
_2rdacarrier _avolume _bnc |
||
| 490 | 0 | _aPenguin modern classics | |
| 500 | _aThese translations first published in Collected fictions: United States : Viking Penguin, 1998. | ||
| 546 | _aText in English ; translated from the original Spanish. | ||
| 600 | 1 | 4 |
_aBorges, Jorge Luis, _d1899-1986 _xTranslations into English. _2BUEsh _937198 |
| 650 | 7 |
_aShort stories, Argentine _xTranslations into English. _2BUEsh _937200 |
|
| 650 | 7 |
_aArgentine fiction _xTranslations into English. _2BUEsh _937201 |
|
| 651 | _2BUEsh | ||
| 653 |
_cJanuary2015 _bHHUUEENN |
||
| 655 |
_vReading book _934232 |
||
| 700 | 1 |
_aHurley, Andrew, _937199 _etranslator. |
|
| 942 |
_2ddc _k863.62 BOR _cBB |
||
| 999 |
_c18891 _d18863 |
||